| 000 | 00599nam a22002417a 4500 | ||
|---|---|---|---|
| 003 | UA-OsUOA | ||
| 001 | 31263 | ||
| 007 | ta | ||
| 008 | 20041208b un ||||| |||| 00| 0 ukr d | ||
| 100 | _aМартиненко А.К. | ||
| 090 |
_a82-94 _bМ29 |
||
| 942 | _cBK | ||
| 040 |
_aUA-OsUOA _bukr _cUA-OsUOA _dUA-OsUOA |
||
| 245 | _aКнига для читання з новітньої історії | ||
| 300 | _a262 с. | ||
| 955 | _a0 | ||
| 041 | _aukr | ||
| 080 | _a82-94 | ||
| 260 |
_aКиїв _bРадянська школа _c1972 |
||
| 044 | _aUA | ||
| 650 | 7 | _2UDC | |
| 999 |
_c317685 _d317685 |
||